La sequía /

James Graham Ballard, conocido entre los lectores de ciencia-ficción como J.G. Ballard, nació en Shangai en 1931. Aunque estudió medicina en Cambridge, vive dedicado a la literatura, campo en el que ha conseguido el reconocimiento, pese a que su obra no resulta de fácil lectura. Algunos de sus títul...

Ful tanımlama

Kaydedildi:
Detaylı Bibliyografya
Yazar: Ballard, J.G (autor)
Materyal Türü: Kitap
Dil:İspanyolca
Baskı/Yayın Bilgisi: Barcelona, España : Minotauro, 1979, c1979
Konular:
Etiketler: Etiketle
Etiket eklenmemiş, İlk siz ekleyin!

MARC

LEADER 00000nam^a2200000^a^4500
001 000151967
005 20250521000000.0
009 20260310100228.066
020 |a 84-350-0238-1 
037 |a Acervo ITESO - Biblioteca 
041 |a ESP 
082 |a 823.  |b BAL 
100 |a Ballard, J.G.  |e (autor) 
245 1 3 |a La sequía /  |c J.G. Ballard ; tr. por Luis Doménech. 
264 4 |a Barcelona, España :  |b Minotauro,  |c 1979, c1979 
300 |a 276 p. 
336 |a texto  |b txt  |2 rdacontenido 
337 |a sin mediación  |b n  |2 rdamedio 
338 |a volumen  |b nc  |2 rdasoporte 
500 |a Traducción de: The Drought 
520 |a James Graham Ballard, conocido entre los lectores de ciencia-ficción como J.G. Ballard, nació en Shangai en 1931. Aunque estudió medicina en Cambridge, vive dedicado a la literatura, campo en el que ha conseguido el reconocimiento, pese a que su obra no resulta de fácil lectura. Algunos de sus títulos son: El mundo sumergido (1962); La sequía (1964); Playa terminal (1964); El mundo de cristal (1966); El hombre imposible (1966); Zona de catástrofe (1967); Crash (1973); El imperio del sol (1984), entre otros. 
649 |a XX 
650 |a Novela Inglesa 
650 |a Literatura Inglesa -  |y Siglo XX 
650 |a Literatura Fantástica -  |z Inglaterra 
650 |a Ciencia-Ficción -  |z Inglaterra 
910 |a Fondo Salvador Reynoso Reynoso 
920 |a Impresos - Libros 
930 |a Fondos Especiales 
940 |a Literatura 
905 |a 112 
901 |a 0800016041  |b IT2  |c ESP  |u 20250521 
902 |a https://opac.biblio.iteso.mx/vufind/Record/000151967